Geography Quiz

Random Geography or Asia Quiz

Landlocked Asia Map Quiz Stats

Quiz Updated Jun 5, 2018

Challenge
Share
Tweet
Score 0/12 Timer 03:00
7 Plays Today
% Correct
Mongolia
98.3%
Nepal
96.6%
Afghanistan
92.3%
Uzbekistan
90.1%
Bhutan
89.6%
Laos
88.5%
Tajikistan
88.5%
Turkmenistan
86.9%
Kyrgyzstan
85%
Kazakhstan
84.5%
Armenia
81.4%
Azerbaijan
76.6%

You're not logged in!

Compare scores with friends on all Sporcle quizzes.
Join for Free
OR
Log In

You Might Also Like...

Show Comments

Extras

Top Quizzes Today


Score Distribution

Your Account Isn't Verified!

In order to create a playlist on Sporcle, you need to verify the email address you used during registration. Go to your Sporcle Settings to finish the process.

Report this User

Report this user for behavior that violates our Community Guidelines.

Details: